| 000 | 01679nam a2200301 a 4500 | ||
|---|---|---|---|
| 999 |
_c381125 _d381125 |
||
| 003 | BLK | ||
| 005 | 20240722142350.0 | ||
| 008 | 200811b bu |||||r|||| 00| | bu d | ||
| 020 | _a9789540912998 | ||
| 040 | _aBLK | ||
| 041 |
_aBUL _cBUL |
||
| 080 |
_aАнглийска литература _b821.111 _x-1 _z821.111-1 |
||
| 100 |
_9273180 _aБайрон, Джордж Гордън Ноуъл _eпърви автор |
||
| 139 |
_aБайрон, Джордж Гордън Ноуъл _bБ 14 |
||
| 245 |
_a Дон Жуан _cДжордж Байрон; прев. от англ. Любен Любенов; под ред. на Александър Шурбанов. |
||
| 250 | _a2. прераб. изд. | ||
| 260 |
_9209473 _aСофия _bЗахарий Стоянов _c2019 |
||
| 300 |
_a716 с. _c21 см |
||
| 380 | _aX | ||
| 490 |
_9201301 _aПоредица Шедьовър |
||
| 500 | _aОриг. загл., установено от доп. източник: Don Juan. - Любен Любенов - псевд. на прев. Любен Георгиев Прангов. - 1. изд. 1986 на изд. Нар. култура в сер. Библиотека Световна класика. - Непознатият Байрон / Симеон Хаджикосев: с. 5-27. | ||
| 700 |
_91021 _aЛюбенов, Любен _eпрев. от англ. _qПрангов, Любен Георгиев |
||
| 700 |
_91311 _aШурбанов, Александър Владимиров _eред. |
||
| 700 | 1 |
_9135586 _aХаджикосев, Симеон Дончев _e* |
|
| 942 |
_cKNG _n0 _s1 _011 |
||
| 999 | _d381125 | ||
| 944 |
_k30575 _lМартин Енчев |
||